[Event "Ostrava SMP op"]
[Site "Ostrava"]
[Date "2006.05.05"]
[Round "7"]
[White "Safarik, Roman"]
[Black "Kudla, Richard"]
[Result "0-1"]
[WhiteElo "1814"]
[BlackElo "1598"]
[PlyCount "74"]
[EventDate "2006.04.29"]
[EventType "swiss"]
[EventRounds "9"]
[EventCountry "CZE"]
[SourceTitle "EXT 2008"]
[Source "ChessBase"]
[SourceDate "2007.11.25"]
[SourceVersion "1"]
[SourceVersionDate "2007.11.25"]
[SourceQuality "1"]

1. d4 d5 2. c4 c6 3. e3 Nf6 4. Nf3 Bg4 5. cxd5 cxd5 6. Qa4+ Bd7 7. Qb3 Qc7 8. Nc3 Nc6 9. Bb5 e6 10. Bd2 a6 11. Bxc6 bxc6 12. Ne5 Be7 13. Nxd7 Nxd7 14. 0-0 0-0 15. Rac1 c5 16. dxc5 Nxc5 17. Qd1 Qb6 18. Qg4 Qxb2 19. Nxd5 Qxd2 20. Nxe7+ Kh8 21. Rxc5 Qd6 22. Nf5 exf5 23. Qxf5 g6 24. Qc2 Rfd8 25. g3 Qd2 26. Qc4 Kg8 27. Rc1 Qd3 28. Qf4 Rd7 29. a4 Rad8 30. a5 Qd2 31. Qf6 Qd3 32. Rc8 Rd6 33. Rxd8+ Rxd8 34. Rc7 Rf8 35. Qb6 Rd8 36. Qc5 Qb1+ 37. Qc1 Rd1+ 0-1

[Event "Ostrava SMP op"]
[Site "Ostrava"]
[Date "2006.05.01"]
[Round "3"]
[White "Safarik, Roman"]
[Black "Licka, Radek"]
[Result "1-0"]
[WhiteElo "1814"]
[BlackElo "1652"]
[PlyCount "95"]
[EventDate "2006.04.29"]
[EventType "swiss"]
[EventRounds "9"]
[EventCountry "CZE"]
[SourceTitle "EXT 2008"]
[Source "ChessBase"]
[SourceDate "2007.11.25"]
[SourceVersion "1"]
[SourceVersionDate "2007.11.25"]
[SourceQuality "1"]

1. d4 e6 2. c4 d5 3. e3 Nf6 4. Nf3 c5 5. Nc3 Nc6 6. Be2 Be7 7. 0-0 0-0 8. a3 Re8 9. Re1 b6 10. cxd5 Nxd5 11. Bb5 Nxc3 12. bxc3 Bd7 13. Bb2 cxd4 14. cxd4 Bf6 15. Qa4 Rc8 16. Rec1 Nb8 17. Rxc8 Qxc8 18. Rc1 Qd8 19. Bxd7 Qxd7 20. Qxd7 Nxd7 21. Rc7 Rd8 22. Rxa7 e5 23. g4 exd4 24. g5 Be5 25. exd4 Bf4 26. Kg2 h6 27. gxh6 Bxh6 28. a4 Nf6 29. Ne5 Bf4 30. Nxf7 Rd7 31. Rxd7 Nxd7 32. Nd8 Bg5 33. Nc6 Kf7 34. Kg3 Ke6 35. f4 Bf6 36. Ne5 Nf8 37. Kf3 Kd5 38. Ke3 Ne6 39. Nf3 Kc4 40. f5 Nc7 41. Ke4 Kb3 42. Bc1 Kxa4 43. Bg5 b5 44. Bxf6 gxf6 45. h4 b4 46. h5 b3 47. h6 b2 48. Nd2 1-0